000
00256nam a22001217a 4500
008
181102b xxu||||| |||| 00| 0 eng d
041
_a
eng
080
_a
101
100
_a
24
101
_a
FIL
245
_a
Applied Logic
_c
Little,W.W
942
_2
udc
_c
BK
999
_c
51746
_d
51746